L'arabe classique /

محفوظ في:

المؤلف الرئيسي: Fleisch, Henri (مؤلف)

التنسيق: كتاب

اللغة: French

سلاسل: Institut de Lettres Orientales de Beyrouth. Recherches ; 5.

الموضوعات:

الوسوم: إضافة وسم

لا توجد وسوم, كن أول من يضع وسما على هذه التسجيلة!

رقم الطلب: PJ6303 .F4 1956

LEADER 00958namaa2200265 4500
001 15748
003 OSt
005 20210519140105.0
008 130303s1956 le g 000 0 fre d
952 |0 0  |1 0  |2 lcc  |4 0  |6 PJ6303 F4 01956  |7 1  |9 12530  |a ARCE  |b ARCE  |d 2021-05-19  |l 0  |o PJ6303 .F4 1956  |p 1034176  |r 2021-05-19 00:00:00  |w 2021-05-19  |y BK 
999 |c 11747  |d 11747 
040 |c ARCE Library 
050 0 4 |a PJ6303 .F4 1956 
100 1 |a Fleisch, Henri,  |e author  |9 30084 
245 1 2 |a L'arabe classique /  |c Henri Fleisch. 
264 1 |a Beyrouth :  |b Impr. catholique,  |c 1956. 
300 |a 156 pages ;  |c 24 cm. 
336 |a text  |b txt  |2 rdacontent 
337 |a unmediated  |b n  |2 rdamedia 
338 |a volume  |b nc  |2 rdacarrier 
490 1 |a Institut de Lettres Orientales de Beyrouth. Recherches ;   |v 5. 
650 0 |a Arabic language  |x Grammar. 
810 1 |a Beirut.  |b Université Saint-Joseph.   |b Institut de lettres orientales.   |t Recherches ;   |v 5. 
901 |a reviewed 
942 |c BK  |2 lcc